000 00505cam a22001331 4500
082 _a355.00973
_bMAU
_cD
100 1 _aMaurice, Frederick,
_949327
245 1 0 _aRobert E. Lee, the soldier,
_cby Major-General Sir Frederick Maurice; with portrait, maps, and plans.
260 _aBoston,
_aNew York,
_bHoughton Mifflin Company,
_c1925.
300 _avii p., 2 l., 313 p.
_bfront. (port.) maps (part fold.) facsim.
_c23 cm.
526 _a0
_b0
_c0
_d355_009730000000000_MAU
650 _aMCE
_9379
942 _2ddc
_cBK
999 _c552275
_d552275